000 nam a22 a 4500
999 _c168360
_d168360
003 BLK
005 20220617115517.0
008 180411b bul|||||r ||||||| ||bul||
010 _aKNG00176248000
040 _aBLK
041 _aBUL
_cBUL
080 _aТенис. Тенис на маса вж 796.386
_b796.342
_x(035)
_z796.342(035)
100 1 _aКаранешев, Михаил К.
_eпърви автор
_9337812
139 _aКаранешев, Михаил К.
_bК 34
245 1 0 _aТенис на маса за деца и юноши
_b[Ръководство]
_cМихаил К. Каранешев
257 _aBGR
260 _aСофия
_bМедицина и физкултура
_c1968
300 _a135 с.
_bс ил.
_c21 см
380 _a79
650 4 _aТенис на маса - наръчници и ръководства
_9337813
653 _aтенис на маса
653 _aръководства
852 _aЦб 46335
856 4 _qpdf
856 4 _qpdf
942 _cKNG
_n0
_s1
944 _aCR
_c02.06.2015
_lф /
_kЛюдмила_Стоянова
944 _aED
_c02.04.2018
_l2022-06-17
_kК.Д.